Liga Mistrzów 2022/2023 - Statystyki

Ogólne statystyki
  • Ten quiz został rozwiązany 479 razy
  • Średni wynik to 20 z 32
Statystyki odpowiedzi
Liga Kraj Klub % Poprawnych
La Liga Santander Hiszpania Real Madryt
96%
Premier League Anglia Manchester City
94%
La Liga Santander Hiszpania Barcelona
90%
Premier League Anglia Liverpool
88%
Bundesliga Niemcy Bayern Monachium
87%
Bundesliga Niemcy Borussia Dortmund
85%
Ligue 1 Francja PSG
85%
Premier League Anglia Chelsea
84%
Serie A Włochy Inter
84%
Serie A Włochy Juventus
83%
La Liga Santander Hiszpania Atletico Madryt
80%
Serie A Włochy AC Milan
79%
Serie A Włochy Napoli
75%
Eredivisie Holandia Ajax
74%
Premier League Anglia Tottenham
73%
Liga Portugal Portugalia Benfica
71%
Liga Portugal Portugalia FC Porto
70%
Liga Portugal Portugalia Sporting
67%
La Liga Santander Hiszpania Sevilla
63%
Premiership Szkocja Celtic
59%
Premiership Szkocja Rangers
54%
Bundesliga Niemcy RB Lipsk
54%
Ligue 1 Francja Marsylia
43%
Bundesliga Niemcy Bayer Leverkusen
40%
Jupiler League Belgia Club Brugge
36%
HNL Chorwacja Dinamo Zagrzeb
33%
Bundesliga Niemcy Eintracht Frankfurt
32%
Premier League Ukraina Szachtar
32%
Bundesliga Austria Salzburg
28%
Superliga Dania FC Kopenhaga
22%
1.Liga Czechy Pilzno
16%
Ligat ha'Al Izrael Maccabu Hajfa
0%
Nie znaleziono quizów pasujących do podanych kryteriów
Rozkład punktacji
Procent ludzi z każdym wynikiem
Percentyl według liczby udzielonych odpowiedzi
Twoja historia wyników
Nie rozwiązałeś tego quizu